000 00808cam a2200241 a 4500
001 000010011
005 20200929161812.0
008 981015s1998 ck 000 p spa
020 _a9588052009
040 _aDO-SdBNP
_bspa
_cBNPHU
082 _aCo861.44
_bT693v
100 1 _aTorres Duque, Óscar,
_d1963-
_98677
245 1 0 _aVisitación del hoy /
_cÓscar Torres Duque.
260 _aBogotá, (Colombia) :
_bMinisterio de Cultura,
_c1998.
300 _a139 p. ;
_c21 cm.
490 1 _aPremios nacionales de cultura
_aPoesía
586 _aPremios nacionales de cultura, 1997.
650 4 _aPoesía colombiana
_93742
650 4 _aLiteratura colombiana
_91244
650 4 _aPoesía amorosa
_99227
650 4 _aVida cotidiana
_xPoesía
_915503
830 0 _aPremios nacionales de cultura ;
_pPoesía
_924956
999 _c9770
_d9770